000 01449nam a2200337 a 4500
001 ebr2002984
003 CaPaEBR
006 m u
007 cr cn|||||||||
008 990304s2000 enk sb 001 0 eng d
010 _z 99014621
020 _z0333744756
020 _z0312224222 (cloth)
040 _aCaPaEBR
_cCaPaEBR
035 _a(OCoLC)559420911
050 1 4 _aUA770
_b.L96 2000eb
082 0 4 _a355/.031/0947
_221
100 1 _aLynch, Dov,
_d1970-
245 1 0 _aRussian peacekeeping strategies in the CIS
_h[electronic resource] :
_bthe cases of Moldova, Georgia and Tajikistan /
_cDov Lynch.
260 _aHoundmills, Basingstoke, Hampshire ;
_aNew York :
_bPalgrave,
_c2000.
300 _axi, 265 p.
500 _a"In association with the Royal Institute of International Affairs, Russia and Eurasia Programme."
504 _aIncludes bibliographical references and index.
533 _aElectronic reproduction.
_bPalo Alto, Calif. :
_cebrary,
_d2005.
_nAvailable via World Wide Web.
_nAccess may be limited to ebrary affiliated libraries.
650 0 _aPeacekeeping forces
_zRussia (Federation)
651 0 _aFormer Soviet republics
_xMilitary relations.
651 0 _aRussia (Federation)
_xMilitary relations.
655 7 _aElectronic books.
_2local
710 2 _aebrary, Inc.
856 4 0 _uhttp://site.ebrary.com/lib/rucke/Doc?id=2002984
_zAn electronic book accessible through the World Wide Web; click to view
999 _c123504
_d123504